000 00444 a2200145 4500
001 92939
020 _a978-1-316-50385-0
082 _a428.24076/CAM
090 _c44590
_d44591
245 _aCAMBRIDGE ENGLISH IELTS 11
_bACADEMICS with ANSWERS; AUTHENTIC EXAMINATION PAPERS
260 _aChina
_bCambridge University Press
_c2016
300 _a144p.
500 _aTEXT BOOK H&S
650 _ainternational English language testing system
942 _aNUST CAE
_k428.24076/CAM
999 _c328012
_d328012